Art of speaking made simple (Record no. 24760)

MARC details
000 -LEADER
fixed length control field 00300nam a2200121Ia 4500
082 ## - DEWEY DECIMAL CLASSIFICATION NUMBER
Classification number 801
Item number GON
100 ## - MAIN ENTRY--AUTHOR NAME
Personal name Gondin, William R
245 #0 - TITLE STATEMENT
Title Art of speaking made simple
260 ## - PUBLICATION, DISTRIBUTION, ETC. (IMPRINT)
Place of publication London
Name of publisher Allen
Year of publication 1967
700 ## - ADDED ENTRY--PERSONAL NAME
Personal name Mammen, Edward W
942 ## - ADDED ENTRY ELEMENTS (KOHA)
Koha item type Books
Holdings
Withdrawn status Lost status Damaged status Not for loan Home library Current library Date acquired Cost, normal purchase price Full call number Accession Number Koha item type
        RRII Library RRII Library 16/12/2021 30.00 801 GON 05432 Books